Marvel Characters with Dwarfism by Picture - Statistics

General Stats
  • This quiz has been taken 15 times
  • The average score is 2 of 5
Answer Stats
Picture Answer % Correct
Puck
100%
Anna Maria Marconni
23%
Iron Man 2099
23%
Tom Thumb
23%
Fusion
15%
No matching quizzes found
Score Distribution
Percent of People with Each Score
Percentile by Number Answered
Your Score History
You have not taken this quiz